000 00356 a2200157 4500
001 149930
040 _cEscola São Tomás de Aquino
100 _aARRABAL, José
240 1 0 _aO curumim dourado
_lpor
245 1 0 _aO curumim dourado
300 _a54
362 0 _a1988
440 1 _aFTD
697 _aFolclore / Adivinhações / Lendas
942 _cBK
999 _c149930
_d149930